000 00660nam a2200205 4500
001 132637
003 ES-MaACL
005 20230906194222.0
007 t|
008 070214s1907 fr r ||||1| fre d
100 1 _aRonsard, Pierre de.
_999517
245 1 4 _aLes chefs-oeuvre lyriques de Pierre de Ronsard et de son école /
_cchoix et notice de Auguste Dorchain.
260 _aParis :
_bA. Perche,
_c1907.
300 _aLVIII, 131 p. ;
_c15 cm.
490 1 _aGowan's international library ;
_v8
700 1 _aDorchain, Auguste.
_945383
830 0 _aGowan's international library ;
_v8
_9219665
852 _aES-MaACL
_jG-15700
999 _c132637
_d132637